| 000 | 00663nam a22002177a 4500 | ||
|---|---|---|---|
| 005 | 20170124105936.0 | ||
| 010 | _aA-517121 | ||
| 020 | _c00.00 | ||
| 035 | _aA-517121 | ||
| 037 | _bCen Lib/Ret | ||
| 040 |
_aDPL _bEN |
||
| 082 |
_a355.092 _bCHA |
||
| 100 |
_aChakhasang, Theyiezelie _99775 |
||
| 245 |
_aGoodbye, my regiment / _cby Thetiezelie Chakhesang |
||
| 260 |
_aNew Delhi _bLancer Books _c1985 |
||
| 270 |
_aPost Box 4236 _bNew Delhi _e110048 |
||
| 300 |
_a160p. _c21cm(Hb) |
||
| 650 |
_aSoldiers -- India -- Biography. _99776 |
||
| 650 |
_aIndia. -- Army. -- Kumaon Regiment -- Biography. _99777 |
||
| 942 |
_2ddc _cEN _h355.092 _mCHA |
||
| 999 |
_c124203 _d124203 |
||